MARC

LEADER 00000nam2a2200000 4500
001 350741
005 20231102010331.0
035 |a (RuTPU)RU\TPU\retro\5022 
035 |a RU\TPU\retro\4692 
090 |a 350741 
100 |a 20190227d1923 m y0rusy50 ca 
101 0 |a rus 
102 |a RU 
105 |a a j 001zy 
200 0 |a Т. 4 : Учение о магнитных и электрических явлениях 
205 |a 3-е изд., перераб. и доп. 
210 |d 1923 
215 |a 834 с.  |c ил. 
316 |5 63413507: КР-6093  |a На авантитуле надпись : "Сахе И. Куфар" 
317 |5 63413507: КР-6093  |a Поступила в НТБ в 1987 г. в дар от вдовы ученого Е. К. Завадовской 
320 |a Библиогр. в конце гл. 
320 |a Предм. указ.: с. 808-813 
320 |a Алф. указ.: с. 813-830 
461 1 |0 (RuTPU)RU\TPU\retro\5500  |t Курс физики  |o [учебное пособие]  |o в 5 т.  |f О. Д. Хвольсон  |v Т. 4 : Учение о магнитных и электрических явлениях  |d 1923 
606 1 |a Физика  |2 stltpush  |3 (RuTPU)RU\TPU\subj\63709  |9 80688 
610 1 |a электричество 
610 1 |a учебные пособия 
610 1 |a библиотека А. А. Воробьева 
610 1 |a магнитизм 
610 1 |a электрическое поле 
610 1 |a электрические источники 
610 1 |a электростатические измерения 
610 1 |a атмосферное электричество 
610 1 |a постоянное магнитное поле 
610 1 |a магнитные исследования 
610 1 |a источники 
610 1 |a тепловые явления 
610 1 |a механические явления 
610 1 |a электролиз 
610 1 |a химические явления 
610 1 |a термоэлектрические явления 
610 1 |a пондеромоторные силы 
675 |a 53(075.8)  |v 4 
801 1 |a RU  |b 63413507  |c 20190207 
801 2 |a RU  |b 63413507  |c 20211209  |g RCR 
942 |c BK